=LDR 00000nam 2200000 4500 =001 INLIS000000000026219 =005 20130612124655 =008 ***********************************Ind** =035 ##$$0010-061300000026219 =041 ##$$a Ind =082 ##$$a 336.275 =090 ##$$a 336.275, Sum p =100 ##$$a Sumitro, Rocmat =245 ##$$a Pajak pertambahan nilai, Prof. DR.H Rochmat Soemitro, SH =260 ##$$a 1990 $b Jakarta =300 ##$$a ix, 188 hlm, 21 cm =650 ##$$a Pajak penjualan =850 ##$$a NBPNMAT